00417nam a2200169Ia 4500003000400000005001700004008004100021020001500062050002600077100001600103245003900119260003500158300003300193440000600226521000700232526000800239OSt20140315085947.0140130s9999 xx 000 0 und d a0439519160 aPR 9639.3b.C644 2002 aCowley, Joy aApple Banana Cherry /cJoy Cowley. bScholastic,c2002.aNew York : a32 p. :bcol. ill. ;c26 cm. v1 aG1 c280